| 000 | 00346nam a2200133Ia 4500 | ||
|---|---|---|---|
| 008 | 240624s9999 xx 000 0 und d | ||
| 041 | _aeng | ||
| 082 | _a338.521 LEV | ||
| 100 | _aMULLAINATHAN SENDHIL | ||
| 245 | _aSCARCITY WHY HAVING TOO LITTLE MEANS SO | ||
| 260 |
_c2013 _aNew York _bTimes Books |
||
| 300 | _a288 p.; 23 cm. | ||
| 365 |
_c _b38 |
||
| 999 |
_c30638 _d30638 |
||